000 00461nam a2200181Ia 4500
008 230711s9999||||xx |||||||||||||| ||und||
020 _a978-81-317-0208-6
041 _aENG
082 _a4.2
_bSI-A
100 _aSima,Dezso
245 0 _aAdvanced computer Architecture ( a design space approach)
250 _a1st Ed.
260 _c1997
_aNew Delhi
_bPearson
300 _a790
650 _aComputer Engineering
700 _aFountain,Terence
942 _cBK
999 _c5121
_d5121